Skład reprezentacji Włoch na Mistrzostwach Świata 2010 - Statystyki

Ogólne statystyki
  • Ten quiz został rozwiązany 16 razy
  • Średni wynik to 12 z 23
Statystyki odpowiedzi
Nr Pozycja Klub Nazwisko % Poprawnych
1 Bramkarz Juventus Gianluigi Buffon
100%
21 Pomocnik AC Milan Andrea Pirlo
93%
4 Obrońca Juventus Giorgio Chiellini
86%
6 Pomocnik AS Roma Daniele De Rossi
79%
5 Obrońca Juventus Fabio Cannavaro
79%
23 Obrońca Bari Leonardo Bonucci
79%
8 Pomocnik AC Milan Gennaro Gattuso
71%
19 Obrońca AC Milan Gianluca Zambrotta
71%
10 Napastnik Udinese Antonio Di Natale
64%
18 Napastnik Napoli Fabio Quagliarella
50%
16 Pomocnik Juventus Mauro Camoranesi
50%
14 Bramkarz Napoli Morgan De Sanctis
50%
11 Napastnik Fiorentina Alberto Gilardino
43%
15 Pomocnik Juventus Claudio Marchisio
43%
22 Pomocnik Fiorentina Ricardo Montolivo
43%
2 Obrońca Napoli Christian Maggio
36%
3 Obrońca Genoa Domenico Criscito
36%
7 Pomocnik Juventus Simone Pepe
36%
9 Napastnik Juventus Vincenzo Iaquinta
36%
12 Bramkarz Cagliari Federico Marchetti
29%
13 Obrońca Genoa Salvatore Bocchetti
14%
17 Pomocnik Sampdoria Angelo Palombo
7%
20 Napastnik Sampdoria Giampaolo Pazzini
7%
Nie znaleziono quizów pasujących do podanych kryteriów
Rozkład punktacji
Procent ludzi z każdym wynikiem
Percentyl według liczby udzielonych odpowiedzi
Twoja historia wyników
Nie rozwiązałeś tego quizu